Riego deficitario controlado : fundamentos y aplicaciones /
Guardado en:
| Otros Autores: | , , , |
|---|---|
| Formato: | Libro |
| Idioma: | Spanish |
| Publicado: |
Murcia :
Mundi-Prensa,
1995.
|
| Series: | Cuadernos Value ;
1 |
| Etiquetas: |
Agregar Etiqueta
Sin Etiquetas, Sea el primero en etiquetar este registro!
|
| LEADER | 00749nam a22002055a 4500 | ||
|---|---|---|---|
| 001 | EEA.libagro006757 | ||
| 005 | 20180614094347.0 | ||
| 008 | 130809s1995####sp#a##########000#0#spa#d | ||
| 020 | |a 8471145901 | ||
| 082 | 0 | 4 | |a 631.587 |
| 245 | 0 | 0 | |a Riego deficitario controlado : |b fundamentos y aplicaciones / |c [editores: Manuel Zapata, Pedro Segura; coordinación: Pedro A. Luna, Pedro Cabrera]. |
| 260 | |a Murcia : |b Mundi-Prensa, |c 1995. | ||
| 300 | |a 188 p. : |b il., gráf. ; |c 21 cm. | ||
| 440 | 0 | |a Cuadernos Value ; |v 1 | |
| 700 | 1 | |a Zapata, Manuel. | |
| 700 | 1 | |a Segura, Pedro. | |
| 700 | 1 | |a Luna, Pedro A. | |
| 700 | 1 | |a Cabrera, Pedro. | |
| 859 | |a AR-BbBCA |b BIB. AGRONOMIA |h 631.587 |i Z35 |p 1999/3675 | ||
| 859 | |a AR-BbBCA |b BIB. AGRONOMIA |h 631.587 |i Z35 |p 2000/4123 |t Ej.2 | ||
